[Event "SVK-ch U12"]
[Site "Liptovsky Mikulas"]
[Date "2017.04.28"]
[Round "9"]
[White "Balvan, Filip"]
[Black "Salgovic, Simon"]
[Result "1-0"]
[WhiteElo "1397"]
[BlackElo "1685"]
[PlyCount "93"]
[EventDate "2017.04.22"]
[EventType "swiss"]
[EventRounds "9"]
[EventCountry "SVK"]
[SourceTitle "CBM 178 Extra"]
[Source "ChessBase"]
[SourceDate "2017.06.22"]
[SourceVersion "1"]
[SourceVersionDate "2017.06.22"]
[SourceQuality "1"]

1. e4 d6 2. d4 Nf6 3. Nc3 g6 4. Be3 Bg7 5. f3 c6 6. Qd2 Nbd7 7. Bd3 b5 8. a3 a5 9. Nge2 Bb7 10. 0-0 0-0 11. Bh6 e5 12. Bxg7 Kxg7 13. b4 axb4 14. axb4 Qe7 15. d5 cxd5 16. Nxd5 Bxd5 17. exd5 Nxd5 18. Bxb5 N5b6 19. c3 d5 20. f4 f6 21. Bxd7 Qxd7 22. fxe5 Rxa1 23. exf6+ Rxf6 24. Rxa1 Qf7 25. Ng3 h5 26. Rf1 Rxf1+ 27. Nxf1 Qf6 28. Ne3 Qe5 29. Nc2 Nc4 30. Qd4 Qxd4+ 31. Nxd4 Kf6 32. Kf2 g5 33. Ke2 Ke5 34. Nf3+ Kf5 35. Nd2 Nb6 36. Kd3 Ke6 37. c4 dxc4+ 38. Nxc4 Nd7 39. Kd4 Kf5 40. Ne3+ Kf4 41. b5 Nb8 42. Nd5+ Kg4 43. Nf6+ Kh4 44. Kc5 g4 45. Kb6 Kg5 46. Kb7 Kxf6 47. Kxb8 1-0

[Event "SVK-ch U12"]
[Site "Liptovsky Mikulas"]
[Date "2017.04.26"]
[Round "7"]
[White "Balvan, Filip"]
[Black "Petrek, Dominik"]
[Result "1-0"]
[WhiteElo "1397"]
[BlackElo "1464"]
[PlyCount "27"]
[EventDate "2017.04.22"]
[EventType "swiss"]
[EventRounds "9"]
[EventCountry "SVK"]
[SourceTitle "CBM 178 Extra"]
[Source "ChessBase"]
[SourceDate "2017.06.22"]
[SourceVersion "1"]
[SourceVersionDate "2017.06.22"]
[SourceQuality "1"]

1. Nc3 Nc6 2. e4 e5 3. Bc4 Bc5 4. Qg4 Qf6 5. Nd5 Qxf2+ 6. Kd1 Na5 7. Bd3 Nf6 8. Qxg7 Nxd5 9. Qxh8+ Ke7 10. Qxe5+ Kd8 11. Qxd5 d6 12. Qg5+ f6 13. Qg3 Bg4+ 14. Qxg4 1-0

[Event "Oravska Priehrada op"]
[Site "Oravska Priehrada"]
[Date "2016.08.28"]
[Round "4"]
[White "Balvan, Filip"]
[Black "Demko, Ladislav"]
[Result "0-1"]
[WhiteElo "1441"]
[BlackElo "1667"]
[PlyCount "118"]
[EventDate "2016.08.26"]
[EventType "swiss"]
[EventRounds "7"]
[EventCountry "SVK"]
[SourceTitle "CBM 174 Extra"]
[Source "ChessBase"]
[SourceDate "2016.10.10"]
[SourceVersion "1"]
[SourceVersionDate "2016.10.10"]
[SourceQuality "1"]

1. Nc3 c5 2. e4 Nc6 3. Bc4 d6 4. d3 e6 5. Nge2 Nf6 6. f3 Be7 7. Bd2 a6 8. a3 b5 9. Ba2 Bb7 10. Rb1 d5 11. exd5 exd5 12. Qc1 0-0 13. Bg5 d4 14. Bxf6 Bxf6 15. Ne4 Be7 16. 0-0 Ne5 17. f4 Ng4 18. Re1 Kh8 19. Nf2 Ne3 20. Nd1 Nxg2 21. Rf1 Nh4 22. Nf2 Nf3+ 23. Kg2 Nd2+ 24. Kg1 Nxf1 25. Kxf1 Bh4 26. Ng3 f5 27. Qd2 Qc7 28. Re1 Qc6 29. Re5 Qg2+ 30. Ke1 Bxg3 31. hxg3 Qxg3 32. Kd1 Rae8 33. c3 Rxe5 34. fxe5 Qxe5 35. Kc2 Qe3 36. b4 Qxd2+ 37. Kxd2 cxb4 38. cxb4 g5 39. Nh3 h6 40. Bb3 Kg7 41. Ke2 Re8+ 42. Kf2 Re3 43. Bc2 Rxh3 44. Ke2 Rh2+ 45. Kd1 Rxc2 46. Kxc2 Kf6 47. Kd2 Ke5 48. Ke2 Kf4 49. Kf2 h5 50. Ke2 Kg3 51. Kf1 h4 52. Kg1 h3 53. Kf1 h2 54. Ke2 h1Q 55. a4 Qh2+ 56. Kd1 Qb2 57. axb5 axb5 58. Ke1 Bf3 59. Kf1 Qf2# 0-1

[Event "Oravska Priehrada op"]
[Site "Oravska Priehrada"]
[Date "2016.08.28"]
[Round "5"]
[White "Ganz, Marek"]
[Black "Balvan, Filip"]
[Result "0-1"]
[WhiteElo "1553"]
[BlackElo "1441"]
[PlyCount "104"]
[EventDate "2016.08.26"]
[EventType "swiss"]
[EventRounds "7"]
[EventCountry "SVK"]
[SourceTitle "CBM 174 Extra"]
[Source "ChessBase"]
[SourceDate "2016.10.10"]
[SourceVersion "1"]
[SourceVersionDate "2016.10.10"]
[SourceQuality "1"]

1. e4 d6 2. d4 Nf6 3. Nc3 g6 4. f4 Bg7 5. e5 dxe5 6. fxe5 Nd5 7. Ne4 Bf5 8. Ng3 Be6 9. Nf3 a6 10. Ng5 b5 11. h4 Nc6 12. h5 gxh5 13. Nxh5 Bf8 14. Nxe6 fxe6 15. c4 bxc4 16. Bxc4 Qb8 17. Nf4 Qb4+ 18. Qd2 Qxc4 19. Nxe6 Kd7 20. Nc5+ Kc8 21. Ne6 Qb4 22. 0-0 Qxd2 23. Bxd2 Kb7 24. Rab1 Rg8 25. b4 Kb6 26. a4 Na7 27. a5+ Kc6 28. Rbc1+ Kd7 29. Nc5+ Ke8 30. Nxa6 Nb5 31. Rc5 Rxa6 32. Rxb5 Rag6 33. Rb8+ Kd7 34. Rbxf8 Rxg2+ 35. Kh1 R8g4 36. R8f2 R2g3 37. Be1 Ne3 38. Rh2 Nxf1 39. Bxg3 Nxh2 40. Kxh2 Rxd4 41. Be1 Re4 42. Bc3 Re2+ 43. Kg1 h5 44. a6 Kc8 45. b5 Kb8 46. Kh1 Rc2 47. Bd4 Rc4 48. Bf2 e6 49. Kg2 Rb4 50. Kh3 Rxb5 51. Bd4 c5 52. Bc3 Rb3 0-1

[Event "Liptovsky Mikulas V4 U11 op"]
[Site "Liptovsky Mikulas"]
[Date "2016.06.26"]
[Round "9"]
[White "Salgovic, Simon"]
[Black "Balvan, Filip"]
[Result "1-0"]
[WhiteElo "1629"]
[BlackElo "1441"]
[PlyCount "77"]
[EventDate "2016.06.23"]
[EventType "swiss"]
[EventRounds "9"]
[EventCountry "SVK"]
[SourceTitle "CBM 173 Extra"]
[Source "ChessBase"]
[SourceDate "2016.08.29"]
[SourceVersion "1"]
[SourceVersionDate "2016.08.29"]
[SourceQuality "1"]

1. e4 d6 2. d4 Nf6 3. Nc3 g6 4. Be3 c6 5. f3 Bg7 6. Qd2 Nbd7 7. g4 e5 8. dxe5 dxe5 9. 0-0-0 h6 10. h4 Qe7 11. Nge2 Nf8 12. Ng3 Bd7 13. Qf2 b6 14. Bc4 Qb4 15. Bb3 0-0-0 16. Bxf7 Be6 17. Rxd8+ Kxd8 18. Rd1+ Kc8 19. Bxe6+ Nxe6 20. a3 Qe7 21. Qe2 Kb7 22. Qc4 Rd8 23. Rxd8 Nxd8 24. Na2 Ne6 25. Nb4 Qd7 26. Nd3 Ne8 27. Ne2 Nd6 28. Qb3 h5 29. g5 Nb5 30. a4 Nbd4 31. Bxd4 Nxd4 32. Nxd4 exd4 33. Nc5+ Kc7 34. Nxd7 Kxd7 35. Qf7+ Kd6 36. Qxg7 Kc5 37. Qe5+ Kb4 38. c3+ dxc3 39. Qxc3+ 1-0

[Event "Liptovsky Mikulas V4 U11 op"]
[Site "Liptovsky Mikulas"]
[Date "2016.06.24"]
[Round "3"]
[White "Vavrinkova, Marie"]
[Black "Balvan, Filip"]
[Result "0-1"]
[WhiteElo "1293"]
[BlackElo "1441"]
[PlyCount "52"]
[EventDate "2016.06.23"]
[EventType "swiss"]
[EventRounds "9"]
[EventCountry "SVK"]
[SourceTitle "CBM 173 Extra"]
[Source "ChessBase"]
[SourceDate "2016.08.29"]
[SourceVersion "1"]
[SourceVersionDate "2016.08.29"]
[SourceQuality "1"]

1. e4 d6 2. d4 Nf6 3. Nc3 g6 4. Nf3 Bg7 5. Bg5 0-0 6. Qd2 c5 7. Bxf6 exf6 8. d5 a6 9. g3 b5 10. a3 Bg4 11. Bg2 Qc8 12. 0-0 Bh3 13. a4 b4 14. Ne2 Bxg2 15. Kxg2 f5 16. exf5 Qxf5 17. Rab1 Re8 18. Neg1 Qd7 19. b3 a5 20. Qf4 Rd8 21. Rfe1 Ra7 22. Re2 Bc3 23. Nh3 Kg7 24. Nfg5 h6 25. Ne4 Be5 26. Qf3 Qf5 0-1

[Event "Liptovsky Mikulas V4 U11 op"]
[Site "Liptovsky Mikulas"]
[Date "2016.06.23"]
[Round "1"]
[White "Sosovickova, Martina"]
[Black "Balvan, Filip"]
[Result "0-1"]
[WhiteElo "1095"]
[BlackElo "1441"]
[PlyCount "68"]
[EventDate "2016.06.23"]
[EventType "swiss"]
[EventRounds "9"]
[EventCountry "SVK"]
[SourceTitle "CBM 173 Extra"]
[Source "ChessBase"]
[SourceDate "2016.08.29"]
[SourceVersion "1"]
[SourceVersionDate "2016.08.29"]
[SourceQuality "1"]

1. e4 d6 2. Nf3 Nf6 3. Nc3 g6 4. d4 Bg7 5. Bg5 0-0 6. Bc4 c6 7. 0-0 b5 8. Bb3 b4 9. e5 bxc3 10. exf6 exf6 11. Be3 cxb2 12. Rb1 a5 13. Rxb2 a4 14. Bxa4 Rxa4 15. Rxb8 Rxa2 16. Qb1 Qa5 17. Bd2 Qa7 18. Qb3 Be6 19. Rxf8+ Bxf8 20. Qb1 Bf5 21. Rc1 Qa4 22. Ne1 d5 23. Qb3 Qxb3 24. cxb3 Rxd2 25. Rxc6 Rd1 26. h3 Rxe1+ 27. Kh2 Bh6 28. Rxf6 Re2 29. b4 Bf4+ 30. g3 Rxf2+ 31. Kg1 Be3 32. b5 Rb2+ 33. Kf1 Bd3+ 34. Ke1 Rb1# 0-1

[Event "SVK-ch U10"]
[Site "Liptovsky Mikulas"]
[Date "2016.04.22"]
[Round "8"]
[White "Stevik, Patrik"]
[Black "Balvan, Filip"]
[Result "1-0"]
[WhiteElo "1593"]
[BlackElo "1323"]
[PlyCount "105"]
[EventDate "2016.04.16"]
[EventType "swiss"]
[EventRounds "9"]
[EventCountry "SVK"]
[SourceTitle "CBM 172 Extra"]
[Source "ChessBase"]
[SourceDate "2016.06.21"]
[SourceVersion "1"]
[SourceVersionDate "2016.06.21"]
[SourceQuality "1"]

1. f4 d5 2. Nf3 Nf6 3. e3 g6 4. Be2 Bg7 5. 0-0 0-0 6. Re1 Nc6 7. d3 Be6 8. Nbd2 Ng4 9. Nf1 f5 10. h3 Nf6 11. Ng3 Qd6 12. Bf1 Rad8 13. c3 Rfe8 14. Qc2 Bf7 15. b4 a6 16. a4 b5 17. axb5 axb5 18. Bb2 e6 19. Ra6 Bf8 20. Qf2 Bg7 21. Nd4 Ra8 22. Rxc6 Qd7 23. c4 Ne4 24. Nxe4 dxe4 25. cxb5 Rab8 26. Rc2 Bxd4 27. Bxd4 Rxb5 28. dxe4 Rxb4 29. exf5 exf5 30. Rec1 Rb7 31. Qh4 Be6 32. Qf6 Rf8 33. Qh8+ Kf7 34. Qxh7+ Ke8 35. Qxd7+ Kxd7 36. Be5 Bd5 37. Rxc7+ Rxc7 38. Rxc7+ Ke6 39. Bc4 Bxc4 40. Rxc4 Kd5 41. Rd4+ Ke6 42. Rd6+ Kf7 43. Rf6+ Kg7 44. Rxf5+ Kg8 45. Rxf8+ Kxf8 46. g4 Kf7 47. Kf2 Ke6 48. e4 Kf7 49. Kg3 Ke6 50. Kh4 Kf7 51. Kg5 Kg8 52. Kxg6 Kf8 53. f5 1-0

[Event "SVK-ch U10"]
[Site "Liptovsky Mikulas"]
[Date "2016.04.18"]
[Round "3"]
[White "Babjarcik, Tobias"]
[Black "Balvan, Filip"]
[Result "0-1"]
[WhiteElo "1000"]
[BlackElo "1323"]
[PlyCount "120"]
[EventDate "2016.04.16"]
[EventType "swiss"]
[EventRounds "9"]
[EventCountry "SVK"]
[SourceTitle "CBM 172 Extra"]
[Source "ChessBase"]
[SourceDate "2016.06.21"]
[SourceVersion "1"]
[SourceVersionDate "2016.06.21"]
[SourceQuality "1"]

1. e4 c5 2. Nf3 d6 3. d4 cxd4 4. Nxd4 Nf6 5. Nc3 g6 6. Be2 Bg7 7. Be3 0-0 8. h3 Nc6 9. Qd2 Bd7 10. 0-0-0 Re8 11. a3 a6 12. f4 b5 13. f5 Nxd4 14. Qxd4 gxf5 15. exf5 Bxf5 16. Qf4 Bg6 17. Qh4 Qd7 18. Bh6 Qf5 19. Bd3 Qh5 20. Qxh5 Bxh5 21. g4 Bxh6+ 22. Kb1 Bg6 23. Rhg1 Bg7 24. g5 Nd7 25. Nd5 Rac8 26. Bxg6 hxg6 27. Rde1 e6 28. Nb4 a5 29. Na6 Rc6 30. Nb4 axb4 31. axb4 Ra8 32. Rd1 Rca6 33. c3 Ra1+ 34. Kc2 Rxd1 35. Rxd1 d5 36. b3 Ra2+ 37. Kc1 Bxc3 38. h4 Rd2 39. Rxd2 Bxd2+ 40. Kxd2 Kg7 41. Ke3 f6 42. Kd4 fxg5 43. hxg5 Kf7 44. Ke3 Ke7 45. Kd3 Kd6 46. Kd4 e5+ 47. Kd3 d4 48. Ke4 Ke6 49. Kf3 Kd5 50. Ke2 Ke4 51. Kd2 Nb8 52. Ke2 Nc6 53. Kd2 Nxb4 54. Ke2 Kf4 55. Kf2 e4 56. Ke1 Ke3 57. Kd1 Kf2 58. Kd2 e3+ 59. Kd1 e2+ 60. Kd2 e1Q# 0-1

[Event "SVK-ch U10"]
[Site "Tatralandia"]
[Date "2015.04.25"]
[Round "9"]
[White "Bidulsky, Matej"]
[Black "Balvan, Filip"]
[Result "0-1"]
[WhiteElo "1171"]
[BlackElo "1391"]
[PlyCount "110"]
[EventDate "2015.04.18"]
[EventType "swiss"]
[EventRounds "9"]
[EventCountry "SVK"]
[SourceTitle "CBM 166 Extra"]
[Source "ChessBase"]
[SourceDate "2015.06.18"]
[SourceVersion "1"]
[SourceVersionDate "2015.06.18"]
[SourceQuality "1"]

1. e4 e5 2. Nf3 Nc6 3. d4 exd4 4. Nxd4 Bc5 5. Nxc6 Qf6 6. Qf3 dxc6 7. Qxf6 Nxf6 8. Bg5 Nxe4 9. Be3 Bxe3 10. fxe3 Be6 11. Bd3 Nc5 12. Nc3 0-0-0 13. 0-0-0 g6 14. g3 Rd7 15. a3 Rhd8 16. Be4 Nxe4 17. Nxe4 Bg4 18. Rxd7 Bxd7 19. Nf6 h5 20. Rd1 Bg4 21. Rxd8+ Kxd8 22. Nxg4 hxg4 23. Kd2 Ke7 24. Kd3 f5 25. Kd4 Kf6 26. b4 Ke6 27. c4 Kd6 28. c5+ Ke6 29. a4 Kf6 30. a5 a6 31. e4 Ke6 32. e5 Kd7 33. Ke3 g5 34. Kd3 Ke6 35. Kd4 f4 36. Ke4 f3 37. Ke3 Kxe5 38. h3 gxh3 39. Kxf3 h2 40. Kg2 h1Q+ 41. Kxh1 g4 42. Kg2 Kd4 43. Kf2 Kc4 44. Ke3 Kxb4 45. Kf4 Kxa5 46. Kxg4 Kb4 47. Kh5 a5 48. g4 a4 49. g5 a3 50. g6 a2 51. g7 a1Q 52. g8Q Qh1+ 53. Kg6 Qg1+ 54. Kh7 Qxg8+ 55. Kxg8 Kxc5 0-1

[Event "SVK-ch U10"]
[Site "Tatralandia"]
[Date "2015.04.22"]
[Round "6"]
[White "Balvan, Filip"]
[Black "Galla, Richard"]
[Result "1-0"]
[WhiteElo "1391"]
[BlackElo "1313"]
[PlyCount "83"]
[EventDate "2015.04.18"]
[EventType "swiss"]
[EventRounds "9"]
[EventCountry "SVK"]
[SourceTitle "CBM 166 Extra"]
[Source "ChessBase"]
[SourceDate "2015.06.18"]
[SourceVersion "1"]
[SourceVersionDate "2015.06.18"]
[SourceQuality "1"]

1. e4 e5 2. Nf3 Nc6 3. Bc4 Bc5 4. c3 Nf6 5. d4 exd4 6. cxd4 Bb4+ 7. Bd2 Nxe4 8. 0-0 0-0 9. Bd5 Nxd2 10. Nbxd2 Bxd2 11. Qxd2 Qf6 12. Rfe1 d6 13. Rad1 Be6 14. Bxe6 fxe6 15. Qe2 Rfe8 16. Qb5 Rab8 17. Qh5 h6 18. d5 exd5 19. Rxe8+ Rxe8 20. Qxe8+ Kh7 21. Rxd5 Qxb2 22. h3 Qc1+ 23. Kh2 Qf4+ 24. Kg1 Qc1+ 25. Qe1 Qc4 26. Qb1+ Kg8 27. Rd1 Nd8 28. Re1 Kf8 29. Qg6 Nf7 30. Qf5 g6 31. Qxg6 Qxa2 32. Nd4 Qd2 33. Ne6+ Ke7 34. Qe4 d5 35. Qe2 Qa5 36. Nxc7+ Kf8 37. Qe8+ Kg7 38. Ne6+ Kf6 39. Re3 Qa1+ 40. Kh2 Kg6 41. Qg8+ Kf6 42. Qg7+ 1-0

[Event "SVK-ch U10"]
[Site "Tatralandia"]
[Date "2015.04.20"]
[Round "4"]
[White "Balvan, Filip"]
[Black "Sustek, Adam"]
[Result "1-0"]
[WhiteElo "1391"]
[BlackElo "1000"]
[PlyCount "77"]
[EventDate "2015.04.18"]
[EventType "swiss"]
[EventRounds "9"]
[EventCountry "SVK"]
[SourceTitle "CBM 166 Extra"]
[Source "ChessBase"]
[SourceDate "2015.06.18"]
[SourceVersion "1"]
[SourceVersionDate "2015.06.18"]
[SourceQuality "1"]

1. e4 e5 2. Nf3 d6 3. Bc4 h6 4. Nc3 Be6 5. Bb3 Nf6 6. h3 Nh5 7. d4 exd4 8. Nxd4 Bxb3 9. Nxb3 Nf6 10. e5 Nfd7 11. exd6 Bxd6 12. Be3 0-0 13. Qd2 Re8 14. 0-0-0 Bb4 15. h4 Bxc3 16. Qxc3 Nc6 17. Rh3 Qe7 18. Rg3 Nf6 19. Bxh6 g6 20. Re3 Ne5 21. f3 c6 22. Rde1 Nfd7 23. f4 f6 24. fxe5 Nxe5 25. Bf4 Qd6 26. Rg3 Kf7 27. Rge3 Rad8 28. Kb1 a5 29. Bxe5 fxe5 30. Rxe5 a4 31. Nc1 Rxe5 32. Rxe5 a3 33. Re2 axb2 34. Qxb2 b5 35. Rf2+ Kg8 36. Rf6 Qg3 37. Rxc6 Qxg2 38. Rc7 Kf8 39. Qh8# 1-0

[Event "SVK-ch U10"]
[Site "Tatralandia"]
[Date "2015.04.20"]
[Round "3"]
[White "Soltys, Oliver"]
[Black "Balvan, Filip"]
[Result "1-0"]
[WhiteElo "1144"]
[BlackElo "1391"]
[PlyCount "133"]
[EventDate "2015.04.18"]
[EventType "swiss"]
[EventRounds "9"]
[EventCountry "SVK"]
[SourceTitle "CBM 166 Extra"]
[Source "ChessBase"]
[SourceDate "2015.06.18"]
[SourceVersion "1"]
[SourceVersionDate "2015.06.18"]
[SourceQuality "1"]

1. e4 e5 2. Nf3 Nc6 3. Bb5 a6 4. Bxc6 dxc6 5. Nc3 Bd6 6. d4 exd4 7. Nxd4 c5 8. Nf3 Bg4 9. h3 Bh5 10. g4 Bg6 11. Be3 Qd7 12. e5 0-0-0 13. exd6 Qxd6 14. Qxd6 Rxd6 15. Bxc5 Rd8 16. Bd4 f6 17. 0-0-0 Ne7 18. Rhe1 Rhe8 19. Bc5 Nc6 20. Rxd8+ Rxd8 21. Rd1 Re8 22. Re1 Rd8 23. g5 f5 24. Ne5 Re8 25. f4 b6 26. Bf2 Nxe5 27. Rxe5 Rd8 28. Nd5 Bh5 29. Ne7+ Kb7 30. Re1 g6 31. b3 Re8 32. Nd5 Rxe1+ 33. Bxe1 Bf3 34. Nf6 Bc6 35. Nxh7 Be8 36. Nf6 Bf7 37. Kd2 c5 38. c4 Kc6 39. Bf2 a5 40. Kc3 Kd6 41. a3 Kc6 42. b4 axb4+ 43. axb4 cxb4+ 44. Kxb4 Be6 45. Nh7 Bg8 46. Nf8 Bf7 47. Be3 Kc7 48. Kb5 Be8+ 49. Ka6 Kc6 50. Bxb6 Bf7 51. c5 Bc4+ 52. Ka5 Bf7 53. Kb4 Be8 54. Kc4 Bf7+ 55. Kd4 Bg8 56. Nxg6 Bf7 57. Nh4 Be6 58. Ke5 Kd7 59. Nxf5 Bxf5 60. Kxf5 Ke7 61. g6 Kf8 62. c6 Ke7 63. g7 Kf7 64. c7 Kxg7 65. c8Q Kh7 66. Bd4 Kh6 67. Qh8# 1-0

[Event "SVK-ch U08"]
[Site "Stara Lubovna"]
[Date "2014.04.06"]
[Round "2"]
[White "Balvan, Filip"]
[Black "Gzib, Richard"]
[Result "1/2-1/2"]
[WhiteElo "1000"]
[BlackElo "1000"]
[PlyCount "139"]
[EventDate "2014.04.05"]
[EventType "swiss"]
[EventRounds "9"]
[EventCountry "SVK"]
[SourceTitle "EXT 2016"]
[Source "ChessBase"]
[SourceDate "2015.10.08"]
[SourceVersion "1"]
[SourceVersionDate "2015.10.08"]
[SourceQuality "1"]

1. e4 e5 2. Nf3 Nf6 3. Nxe5 d6 4. Nf3 Nxe4 5. Qe2 Qe7 6. d3 Nc5 7. Nc3 Bf5 8. Nd5 Qxe2+ 9. Bxe2 Nba6 10. d4 Ne4 11. Bxa6 0-0-0 12. Bd3 c6 13. Nc3 Nxc3 14. bxc3 Be6 15. 0-0 Re8 16. Re1 d5 17. Bf5 h6 18. Bxe6+ fxe6 19. Ne5 Bd6 20. Nf7 Kd7 21. Nxh8 Rxh8 22. Re3 b5 23. Rf3 Ke7 24. Bf4 Ba3 25. Bc1 Bd6 26. Rb1 a6 27. Bf4 Ba3 28. Rb3 Bd6 29. Bxd6+ Kxd6 30. h3 a5 31. a4 bxa4 32. Ra3 Ra8 33. Rxa4 g5 34. Rf6 h5 35. Rg6 Kd7 36. Rxg5 h4 37. Rg7+ Kd6 38. g3 hxg3 39. fxg3 e5 40. dxe5+ Kxe5 41. Rg5+ Kd6 42. h4 Ke6 43. c4 Kd6 44. cxd5 cxd5 45. h5 Kc5 46. h6 Kd6 47. h7 Kc5 48. Rh5 Kb5 49. h8Q Rxh8 50. Rxh8 Kxa4 51. g4 Kb4 52. g5 a4 53. Ra8 d4 54. g6 a3 55. Rxa3 Kxa3 56. g7 Kb2 57. g8Q Kc1 58. Qg2 Kb1 59. c4 dxc3 60. Qf1+ Kb2 61. Qe2+ Kb1 62. Qe1+ Kb2 63. Kf1 c2 64. Qd2 Kb1 65. Qb4+ Ka1 66. Ke2 c1Q 67. Qa4+ Kb2 68. Qb4+ Ka2 69. Qd2+ Qxd2+ 70. Kxd2 1/2-1/2